000 00572nam a22001817a 4500
005 20251108172709.0
008 250721s2002 xx 000 0 ara d
082 1 4 _a341.24/مجد
100 1 _aالمجذوب، محمد
_eمؤلف
245 1 0 _aالتنظيم الدولي :
_bالنظرية والمنظمات العالمية /
264 1 _aبيروت :
_bالحلبي،
_c2002.
300 _a607ص
650 1 7 _aالقانون الدولي
650 1 7 _aالتنظيم الدولي
650 1 7 _aالأمم المتحدة
942 _2ddc
_cBK
999 _c86204
_d86204